Identidades en transformación : las prácticas feministas en el movimiento de mujeres indígenas /
में बचाया:
| मुख्य लेखक: | |
|---|---|
| स्वरूप: | मूलपाठ |
| भाषा: | Spanish |
| प्रकाशित: |
La Habana:
Editorial de Ciencias Sociales
|
| विषय: | |
| टैग: |
टैग जोड़ें
कोई टैग नहीं, इस रिकॉर्ड को टैग करने वाले पहले व्यक्ति बनें!
|
MARC
| LEADER | 00000 a a2200000 04500 | ||
|---|---|---|---|
| 001 | 39037 | ||
| 003 | cru CIDCACS/IIS | ||
| 005 | 20200611062545.0 | ||
| 008 | 170530b xxu||||| |||| 00| 0 spa d | ||
| 020 | |a 978-959-06-1023-3 | ||
| 040 | |c CIDCACS/IIS | ||
| 090 | |a 05.02.01 D618d | ||
| 100 | 1 | |9 4931 |a Marcos, Silvia | |
| 245 | |a Identidades en transformación : |b las prácticas feministas en el movimiento de mujeres indígenas / |c Silvia Marcos | ||
| 260 | |a La Habana: |b Editorial de Ciencias Sociales | ||
| 300 | |a Páginas 293-333 | ||
| 650 | |a ASPECTOS SOCIALES | ||
| 650 | 1 | 0 | |a MUJERES |9 88 |
| 650 | |a ETICA | ||
| 650 | |a POLITICA | ||
| 650 | 1 | 0 | |a MOVIMIENTOS SOCIALES |9 3 |
| 942 | |2 ddc |c LI | ||
| 773 | 0 | |0 948 |9 1023 |a Instituto de Filosofía |d La Habana: Editorial de Ciencias Sociales |o 06307 |t Diversidad, identidad y articulación: |w (cru CIDCACS/IIS)39038 |z 978-959-06-1023-3 | |
| 999 | |c 17362 |d 17362 | ||



